000 00667nam a2200193Ii 4500
003 JO-AjNU
008 230605s9999||||xx |||||||||||||| ||und||
040 _aJO-AjNU
_bara
_erda
_cJO-AjNU
041 _aara
050 1 4 _aTP248E5.M83
100 3 _aامان ، محمد البسطويسي/م. مشارك محمد محمود يوسف ,
_eauthor
_936311
245 0 0 _aتكنولوجيا الانزيمات=Enzyme Technology
264 3 1 _aالاسكندرية:مكتبة المعارف، د.ت
300 _a63ص
336 _atext
_btxt
_2rdacontent
337 _aunmediated
_bn
_2rdamedia
338 _avolume
_bnc
_2rdacarrier
650 4 _aالانزيمات
_936312
999 _aA15074
_c18642
_d18642